000 00732nam a2200241Ia 4500
005 20260430150301.0
008 008 250103s9999 xx 000 0 eng d
037 _aTheses
040 _aCRL
040 _beng
040 _ceng
041 _2eng
041 _aeng
084 _qCRL
100 _aSharma Akshima Au.; Aggarwal Savita Gu.; Punhani Geeta Gu.
_91237027
245 0 _aEffectiveness of ICT Enabled Maternal and Child Health Program from the User's Persspective in Rural India: Impact of Digital Literacy Training
260 _c2022
300 _a250
650 _aScience
700 _aUniversity of Delhi. Faculty of Science. Deptt. of Home Science
_91236642
942 _cTH
999 _c1849415
_d1849415